| 000 | 00890cam a2200241 i 4500 | ||
|---|---|---|---|
| 999 |
_c11753 _d11753 |
||
| 001 | vtls002440158 | ||
| 003 | NUKAT | ||
| 005 | 20190410122230.0 | ||
| 008 | 120411s1951 ru d |000 0 rusoc | ||
| 035 | _axx002440158 | ||
| 039 | 9 |
_a201802191342 _bkoploret _c201705040018 _dAUTHORITY _c201511172144 _dkopumk _c201303120124 _dVLOAD |
|
| 040 |
_aNUKAT _cWA U/BL _dWA U/BL _dWA U/IJG _dWA U/ED |
||
| 041 | 0 |
_arus _aeng |
|
| 245 | 0 | 0 |
_aRussko-anglijskij slovar' : _bokolo 25 000 slov / _cpod red. O. S. Ahmanovoj. |
| 250 | _aIzd. 6, ispr. i dop. | ||
| 260 |
_aMoskva : _bGosud. Izd. Inostrannyh i Nacional'nyh Slovarej, _c1951. |
||
| 300 |
_a464 s. ; _c18 cm. |
||
| 700 | 1 |
_aAhmanova, Olʹga Sergeevna _d(1908-1991). _eRed. |
|
| 942 |
_2ddc _cBK |
||